000 00928nam a2200229Ia 4500
999 _c39764
_d39764
001 6369
003 GE_BSU
005 20191024143635.0
008 181216s1938||||ge |||||||||||||| ||geo||
040 _cGE_BSU
041 _ageo
080 _a821.353.1-1 ბ-32
100 _aბაქრაძე, იოსებ
_94991
245 _aკრებული :
_bლექსები, პოემა, თარგმანები /
_cიოსებ ბაქრაძე ; სოლ. ყუბანეიშვილის რედაქციით.
264 _aთბილისი :
_bფედერაცია ;
_c1938.
300 _a110 გვ. :
_bფოტო ;
_c20 სმ.
653 _aლექსები
653 _aპოემა
653 _aთარგმანები
700 _a ყუბანეიშვილი, სოლ.
_eრედაქტორი
_94992
942 _cBK
_2udc